000 00666nam a22001337a 4500
040 _cRUA
082 _aAGR NOU 2016 B556 Or.1
100 _aNOU CHOMNOR; នូ ជំនោរ
245 _aEffect of glutinous rice flour rate on the growth and yield paddy straw mushroom; ឥទ្ធិពលនៃកម្រិតម្សៅអង្ករដំណើបទៅលើការលូតលាស់ និងទិន្នផលដំណាំផ្សិតចំបើង
260 _aPhnom Penh
_bRUA
_c2016
300 _axi; 41p;
_bill;
_c29cm;
856 _uhttps://drive.google.com/file/d/1zxGmwTldvtTqM9RWBFyvYXWHI26Ynw2i/view?usp=sharing
942 _cAGR
999 _c11566
_d11566